000
00251nam a2200097Ia 4500
005
20250424112927.0
008
250424s9999 xx 000 0 und d
300
_a
53 P. : ill. ; 29 cm.
650
_a
Banks and banking--Nigeria--Periodicals.
942
_c
SR
999
_c
37925
_d
37925